Eastern Africa Map Quiz - Statistics

General Stats
  • This quiz has been taken 79,544 times
  • The average score is 16 of 20
Answers on the Map
Answers color-coded by a green-red scale on the quiz's map according to % correct below.
 
Answer Stats
Answer % Correct
Somalia
95%
Madagascar
94%
Kenya
88%
Ethiopia
87%
Djibouti
85%
Mozambique
85%
Tanzania
85%
Eritrea
83%
South Sudan
83%
Malawi
81%
Zimbabwe
80%
Rwanda
78%
Uganda
78%
Seychelles
76%
Zambia
75%
Burundi
69%
Comoros
65%
Mauritius
61%
Réunion (France)
61%
Mayotte (France)
55%
No matching quizzes found
Score Distribution
Percent of People with Each Score
Percentile by Number Answered
Your Score History
You have not taken this quiz